| 000 | 00340nam a2200133Ia 4500 | ||
|---|---|---|---|
| 008 | 240624s9999 xx 000 0 und d | ||
| 041 | _aeng | ||
| 082 | _a031 MCN | ||
| 100 | _aMCNEAL CARY | ||
| 245 | _aSCARE THE SHOT OUT OF YOU THE ULTIMATE B | ||
| 260 |
_c2010 _aNew York _bAdams Media |
||
| 300 | _aviii, 312 p.; 17 cm. | ||
| 365 |
_c _b33 |
||
| 999 |
_c32399 _d32399 |
||